Регионална библиотека "Любен Каравелов" - Русе

Забавно чертане (Запис номер 164206)

MARC детайли
000 -Лидер
Контролно поле с фиксирана дължина nam a22 a 4500
003 - Код на организацията, давaща контролен номер
Контролно поле BLK
005 - Дата и час на последна редакция
Контролно поле 20220720144527.0
008 - Елементи от данни с фиксирана дължина
fixed length control field 180410b bul|||||r ||||||| ||bul||
010 ## - Наследен системен номер
LC control number KNG00171703000
040 ## - Източник на каталожния запис
Идентификатор на билиотеката - собственик на записа BLK
041 ## - Код за език
Код за езика на текст/звукозапис или на отделно заглавие Български
Код за езика КДБФ Български
080 ## - УДК
Текстов определител УДК Инженерна графика. Техническо чертане
УДК код - определител по УДК 62:744
УДК - код + определител 62:744
100 1# - Редна дума - Автор
Автор Воротников, Иля Алексеевич
Авторска отговорност първи автор
R(LIN) 49346
139 ## - Редно поле
Редна дума Воротников, Иля Алексеевич
Авторски знак Вор - В 84
245 10 - Сведения за заглавието
Заглавие Забавно чертане
Подзаглавни данни Науч.-попул. четиво за юноши
Редно поле (дума) Иля Алексеевич Воротников; прев. от рус. Младен Цонев.
257 ## - Страна на издаване
Страна на създаване/издаване СССР
260 ## - Област на издателските данни
Място на издаване, разпространение и проч. София
Име на издателя, разпространителя и проч. Техника
Година на издаване 1972
Печатница Шумен : Г. Димитров
300 ## - Физическа характеристика
Страници 136 с.
Илюстрации и др. с ил.
Размери/Мащаб 24 см
380 ## - Жанр
Жанр Техника
500 ## - Общи забележки
Забележка Ориг. загл. Занимательное черчение. - На кор. авт. погрешно означен А. И. Воротников. - 8 085 тир.
650 #4 - Допълнително описание по предмет – тема
Основно описание – тема или топоним Техническо чертане
9 (RLIN) 264837
653 ## - Ключова дума – ненормативна
Ключова дума техническо чертане
653 ## - Ключова дума – ненормативна
Ключова дума научно-популярни книги
700 1# - Други автори (авторска отговорност)
Лично име Цонев, Младен
Автороска отговорност (Описва отношението между автора и произведението) прев. от рус.
9 (RLIN) 382041
852 ## - Местоположение
Форматна сигнатура Цб 65764
856 4# - Електронен адрес и достъп
Електронен формат pdf - файл
856 4# - Електронен адрес и достъп
Електронен формат pdf - файл
999 ## - СИСТЕМНИ КОНТРОЛНИ НОМЕРА
Koha biblionumber 164206
Koha biblioitemnumber 164206
942 ## - АРТИКУЛИ
Вид на библиотечния материал Книги
Скрит в OPAC Не
Периодичен библиозапис Да
944 ## - СЪЗДАВАНЕ И РЕДАКЦИЯ на ЗАПИСА
Създаване/Редакция Създаване
Дата на регистрацията/редакция 20.02.2015
Служител, извършил регистрацията/редакцията Теодора_Стоянова
944 ## - СЪЗДАВАНЕ И РЕДАКЦИЯ на ЗАПИСА
Създаване/Редакция Редакция
Дата на регистрацията/редакция 2022-07-20
Служител, извършил регистрацията/редакцията ир
999 ## - СИСТЕМНИ КОНТРОЛНИ НОМЕРА
Koha biblioitemnumber 164206
999 ## - СИСТЕМНИ КОНТРОЛНИ НОМЕРА
Koha biblioitemnumber 164206
Наличности
Код за отписване Код за изгубен артикул Източник на класификационната схема Код за повреда Коз за рестрикции Код за отдаване Артикулен № Име на библиотеката - собственик Име на библиотеката, в която се намира в момента Статус (Текущо местоположение) Дата на вписване в системата Местоположение - отдел Цена в лева Инвентарен номер Систематично азбучна сигнатура Баркод Номер на екземпляра Цена в евро Служебна бележка Служебен тип на артикула
  Не е изгубен Universal Decimal Classification Не е повреден само за читалня ползва се в читалня 275882 Регионална библиотека "Любен Каравелов" Русе Регионална библиотека "Любен Каравелов" Русе Хранилище 1972-01-01 Хранилище 0.63 129539 Цб 65764 120000129539 1 0.32 Дост: Dp Вид: Д N: стар фонд Дата: 01.01.1972 Книги
Изтеглен Не е изгубен Universal Decimal Classification Не е повреден без рестрикции заемане за дома 275883 Регионална библиотека "Любен Каравелов" Русе Регионална библиотека "Любен Каравелов" Русе Заемна - подръчен фонд 1972-01-01 Заемна - подръчен фонд 0.63 131317 П 62:744/В 84 131317 2 0.32 Дост: Pk Вид: Ф N: стар фонд Дата: 01.01.1972 Книги
  Не е изгубен Universal Decimal Classification Не е повреден без рестрикции заемане за дома 275884 Регионална библиотека "Любен Каравелов" Русе Регионална библиотека "Любен Каравелов" Русе Заемна - подръчен фонд 1972-01-01 Заемна - подръчен фонд 0.63 131316 П 62:744/В 84 120000131316 3 0.32 Дост: Pk Вид: Ф N: стар фонд Дата: 01.01.1972 Дата инв: 06.02.2018 Бележки инв: П2018 Книги
Изтеглен Не е изгубен Universal Decimal Classification Не е повреден без рестрикции заемане за дома 275885 Регионална библиотека "Любен Каравелов" Русе Регионална библиотека "Любен Каравелов" Русе Заемна - подръчен фонд 1972-01-01 Заемна - подръчен фонд 0.63 131314 П 62:744/В 84 131314 4 0.32 Дост: Pk Вид: Ф N: стар фонд Дата: 01.01.1972 Книги
Изтеглен Не е изгубен Universal Decimal Classification Не е повреден без рестрикции заемане за дома 275886 Регионална библиотека "Любен Каравелов" Русе Регионална библиотека "Любен Каравелов" Русе Детски отдел 1972-01-01 Детски отдел 0.63 131504 ДН 62/В 84 131504 5 0.32 Дост: Pk Вид: Ф N: стар фонд Дата: 01.01.1972 Дата инв: 02.10.2015 Бележки инв: Д2015 Книги
Vip Innovations Ltd, Rousse, Bulgaria 2025